000 00672nam a22002177a 4500
999 _c157944
_d157944
005 20181011143358.0
010 _aENG-124238
020 _a9789353062033
_c909.00
035 _aEN-107770
037 _bDBAD/PUB
082 _a005.2762
100 _aDeitel, Paul
245 _aJava how to program:
_bearly objects /
_cby Paul Deitel [and] Harvey Deitel
250 _a11th ed.
260 _aNoida
_bPearson
_c2018
270 _a15th Floor, Tower B, Worls Trade Tower, Plot No.1, Block -C
_bNoida (UP)
_e201301
300 _a1286p.
_c25cm.(pbk)
_bill.
500 _aIt includes index
700 _a Deitel, Harvey
942 _2ddc
_cEN
_h005.2762
_mDEI